00435nam a2200145Ia 4500008004100000020001800041041000800059082001900067100003300086245009300119250000600212260004000218300001200258650001900270210716s2010 xx 000 0 und d a9788173717130 aeng a574.80285 SINR aSingh, Ruchi; Sharma, Richa. aBioinformatics: basics algorithms and applications.bBasics algorithms and applications. a1 aHyderabadbUniversities Pressc2010 axvi,256 aBioinformatics